| 000 | 00450nam a2200169Ia 4500 | ||
|---|---|---|---|
| 008 | 230524s9999 xx 000 0 und d | ||
| 082 |
_a658.401 _bARN |
||
| 100 | _aJ.R.Tony Arnold | ||
| 245 | 0 | _aIntroduction to Materials Management | |
| 250 | _a5TH | ||
| 260 |
_aNEW DELHI _bPearson _c2009 |
||
| 300 | _aVIII;243 | ||
| 500 | _aQuantity Number: 14 | ||
| 650 | _aManagement | ||
| 700 | _a" Stephen N.Chapman , R.V.Ramakrishnan,,," | ||
| 942 | _cBK | ||
| 999 |
_c45129 _d45129 |
||